| 000 | 00927na a2200289 4500 | ||
|---|---|---|---|
| 001 | 16948 | ||
| 003 | MIRAKIL | ||
| 005 | 20181213154847.0 | ||
| 008 | 161018b tu 000 0 | ||
| 020 | _a9786054657032 | ||
| 040 |
_aMilas _btur _cTR-AnCHP |
||
| 041 | _atur | ||
| 082 |
_a320.5315 _bB36s 2012 |
||
| 090 | _a320.5315 B36s 2012 | ||
| 100 | _aBerman, Sheri | ||
| 245 |
_aSosyal demokrasi dönemi _biki dünya savaşı arasındaki dönemde avrupa _cSheri Berman; çev Özden Ordu |
||
| 246 | _aiki dünya savaşı arasındaki dönemde avrupa | ||
| 260 |
_aAnkara _bPhoenix _c2012 |
||
| 300 |
_a424 s. _c20 sm. |
||
| 440 | _aSosyal Demokrasi Kitaplığı | ||
| 500 | _aYapıtın özgün adı : The Social Democratic Moment | ||
| 504 | _aDizin var. | ||
| 650 |
_aSosyal demokrasi _xSiyasal Tarih |
||
| 651 |
_aAvrupa _xİkinci Dünya Savaşı _ySosyal demokrasi |
||
| 700 | _aOrdu, Özden | ||
| 942 |
_2ddc _cBKS |
||
| 999 |
_c2166 _d2166 |
||